000 00722nam a22002417a 4500
003 dpl
005 20180630154538.0
008 180523b xxu||||| |||| 00| 0 eng d
010 _aA-809479
020 _c00.00
035 _aA-809479, A-809491, A-809480
037 _bCen Lib/Ret
040 _aDPL
_bEN
_c0
082 _a954
_bKAM
100 _aKamath, M.V.
_9112766
245 _aLetters to Gauri :
_cby M.V.Kamath
_ba passage to history /
260 _bUBS Publishers
_aNew Delhi
_c1996
270 _a5 Ansari Road
_bNew Delhi
_e1100062
300 _axii,260p.
_c21cm(Hb)
650 _aThe origin of the vedas
_929812
650 _aThe rise of Buddhism
_929813
942 _2ddc
_cEN
_h954
_mKAM
999 _c130671
_d130671